|
|
|
|
| LEADER |
00000nam0a2200000 4500 |
| 001 |
285674 |
| 005 |
20231101235822.0 |
| 035 |
|
|
|a (RuTPU)RU\TPU\book\309926
|
| 090 |
|
|
|a 285674
|
| 100 |
|
|
|a 20150226d1985 km y0rusy50 ca
|
| 101 |
0 |
|
|a rus
|
| 102 |
|
|
|a RU
|
| 105 |
|
|
|a a z 001zy
|
| 200 |
1 |
|
|a Дистанционный принцип в релейной защите и автоматике линий при замыканиях на землю
|f Е. А. Аржанников
|
| 210 |
|
|
|a Москва
|c Энергоатомиздат
|d 1985
|
| 215 |
|
|
|a 175 с.
|c ил.
|
| 320 |
|
|
|a Библиогр.: с. 171-173
|
| 606 |
1 |
|
|a Энергетические системы
|x Релейная защита
|2 stltpush
|3 (RuTPU)RU\TPU\subj\21277
|9 46296
|
| 610 |
1 |
|
|a короткие замыкания
|
| 610 |
1 |
|
|a линии электропередачи
|
| 610 |
1 |
|
|a дистанционные передачи
|
| 610 |
1 |
|
|a компенсированные напряжения
|
| 610 |
1 |
|
|a реле сопротивления
|
| 610 |
1 |
|
|a многофазные реле
|
| 675 |
|
|
|a 621.316.925
|v 3
|
| 700 |
|
1 |
|a Аржанников
|b Е. А.
|g Евгений Александрович
|
| 801 |
|
1 |
|a RU
|b 63413507
|c 20150226
|
| 801 |
|
2 |
|a RU
|b 63413507
|c 20180110
|g RCR
|
| 942 |
|
|
|c BK
|